Las dos caratulas / (Registro nro. 4081)
[ vista simple ]
| 000 -CABECERA | |
|---|---|
| campo de control de longitud fija | 00836cam a2200229 a 4500 |
| 001 - NÚMERO DE CONTROL | |
| campo de control | 000004267 |
| 005 - FECHA Y HORA DE LA ÚLTIMA TRANSACCIÓN | |
| campo de control | 20200929151423.0 |
| 008 - DATOS DE LONGITUD FIJA--INFORMACIÓN GENERAL | |
| campo de control de longitud fija | 820510s1943 ag a 000 0 spa |
| 040 ## - FUENTE DE LA CATALOGACIÓN | |
| Centro catalogador/agencia de origen | DO-SdBNP |
| Lengua de catalogación | spa |
| Centro/agencia transcriptor | BNPHU |
| 082 ## - NÚMERO DE LA CLASIFICACIÓN DECIMAL DEWEY | |
| Número de clasificación | 882.2 |
| Número de documento/Ítem | S132d |
| 100 1# - ENTRADA PRINCIPAL--NOMBRE DE PERSONA | |
| Nombre de persona | Saint Víctor, Paúl. |
| Forma completa/desarrollada del nombre | (Paúl Bins, comte de Saint-Víctor), |
| Fechas asociadas al nombre | 1827-1881. |
| 9 (RLIN) | 12618 |
| 245 14 - MENCIÓN DE TÍTULO | |
| Título | Las dos caratulas / |
| Mención de responsabilidad, etc. | Paúl Saint Víctor. |
| 260 ## - PUBLICACIÓN, DISTRIBUCIÓN, ETC. | |
| Lugar de publicación, distribución, etc. | Buenos Aires, Argentina : |
| Nombre del editor, distribuidor, etc. | El Ombu, |
| Fecha de publicación, distribución, etc. | [1943?]. |
| 300 ## - DESCRIPCIÓN FÍSICA | |
| Extensión | 188 p. ; |
| Dimensiones | 19 cm. |
| 490 1# - MENCIÓN DE SERIE | |
| Mención de serie | Biblioteca de los grandes maestros |
| 650 #4 - PUNTO DE ACCESO ADICIONAL DE MATERIA--TÉRMINO DE MATERIA | |
| Término de materia o nombre geográfico como elemento de entrada | Teatro griego |
| Subdivisión general | Historia y crítica |
| 9 (RLIN) | 12619 |
| 650 #4 - PUNTO DE ACCESO ADICIONAL DE MATERIA--TÉRMINO DE MATERIA | |
| Término de materia o nombre geográfico como elemento de entrada | Literatura griega |
| 9 (RLIN) | 2386 |
| 600 14 - PUNTO DE ACCESO ADICIONAL DE MATERIA--NOMBRE DE PERSONA | |
| Nombre de persona | SHAKESPEARE, WILLIAM, |
| Fechas asociadas al nombre | 1564-1616 |
| Subdivisión general | CRÍTICA E INTERPRETACIÓN |
| 9 (RLIN) | 12620 |
| 600 14 - PUNTO DE ACCESO ADICIONAL DE MATERIA--NOMBRE DE PERSONA | |
| Nombre de persona | KALIDASA |
| 9 (RLIN) | 12621 |
| 830 #0 - PUNTO DE ACCESO ADICIONAL DE SERIE-TÍTULO UNIFORME | |
| Título uniforme | Biblioteca de los grandes maestros. |
| 9 (RLIN) | 12622 |
| 910 ## - DATOS DE OPCIÓN DEL USUARIO (OCLC) | |
| Datos de opción del usuario | Catalogación derivada. |
| Estado de retiro | Estado de pérdida | Restricciones de uso | No para préstamo | Código de colección | Localización permanente | Ubicación/localización actual | Ubicación en estantería | Fecha de adquisición | Número de inventario | Total de préstamos | Signatura topográfica completa | Código de barras | Fecha visto por última vez | Precio válido a partir de | Tipo de ítem Koha |
|---|---|---|---|---|---|---|---|---|---|---|---|---|---|---|---|
| Préstamo interno | Monografías: Libros y Folletos | General | General | Depósito | 20.07.2009 | LF1 | 882.2 S132d | 4267-10 | 25.06.2020 | 25.06.2020 | Préstamo interno |
